Teoría y metodología del entrenamiento deportivo
Uloženo v:
| Hlavní autor: | |
|---|---|
| Médium: | Kniha |
| Jazyk: | španělština |
| Vydáno: |
Barcelona
Paidotribo
2002
|
| Vydání: | 1a. ed |
| Edice: | Colección Entrenamiento Deportivo
|
| Témata: | |
| Tagy: |
Přidat tag
Žádné tagy, Buďte první, kdo vytvoří štítek k tomuto záznamu!
|
MARC
| LEADER | 00000nam a2200000 a 4500 | ||
|---|---|---|---|
| 001 | UCM2974 | ||
| 003 | CL-VaPUC | ||
| 008 | 020621e20020000SP |||||||||||||||||spa|d | ||
| 020 | |a 8480196122 | ||
| 082 | 0 | 4 | |a 796.077 |b VER |2 21 |
| 100 | 0 | |a Verkhoshansky, Yuri |e author |9 469767 | |
| 245 | 1 | 0 | |a Teoría y metodología del entrenamiento deportivo |
| 250 | |a 1a. ed | ||
| 300 | |a 350 p | ||
| 942 | |c BK | ||
| 945 | |d 20020621 00:00:00 |a cmena | ||
| 260 | |a Barcelona |b Paidotribo |c 2002 | ||
| 650 | 7 | |a ENTRENAMINTO ATLETICO |2 CL-VaPUC |9 469768 | |
| 650 | 7 | |a DEPORTISTAS |2 CL-VaPUC |9 469769 | |
| 650 | 0 | |a Deportes |9 224367 | |
| 583 | |a last modification |c 20020621 00:00:00 |k Rodrigo Vera | ||
| 490 | 0 | |a Colección Entrenamiento Deportivo | |
| 999 | |c 300583 |d 300581 | ||
| 952 | |0 0 |1 0 |4 0 |6 796_077000000000000_VER_2002 |7 0 |8 A |9 358520 |a BIBEDU |b BIBEDU |d 2019-11-21 |i 3820297 |o 796.077 VER 2002 |p 3820297 |r 2019-11-21 |w 2019-11-21 |y BK |k EFI | ||
| 952 | |0 0 |1 0 |4 0 |6 796_077000000000000_VER_2002 |7 0 |8 A |9 358521 |a BIBEDU |b BIBEDU |d 2019-11-21 |i 3820300 |o 796.077 VER 2002 |p 3820300 |r 2019-11-21 |w 2019-11-21 |y BK |k EFI | ||
| 952 | |0 0 |1 0 |4 0 |6 796_077000000000000_VER_2002 |7 0 |8 C |9 358522 |a BIBCUR |b BIBCUR |d 2019-11-21 |i 4709098 |o 796.077 VER 2002 |p 4709098 |r 2025-04-22 |w 2019-11-21 |y BK |k DEN | ||